|
|
|
|
| LEADER |
00000nab a2200000 a 4500 |
| 001 |
vtls000704638 |
| 003 |
SK-MaSNL |
| 005 |
20260302182029.0 |
| 008 |
180207c1999 xo 0 slo |
| 015 |
|
|
|a SNBRB1999/10-24352
|
| 035 |
|
|
|a CLN000056805
|
| 040 |
|
|
|a SNKBUCL
|b slo
|c SNKBUCL
|e AACR2
|
| 041 |
0 |
|
|a slo
|
| 044 |
|
|
|a xo
|c SK
|
| 080 |
|
|
|a 338.246.027(437.6):697.1
|2 UDC-MRF-SK2
|
| 080 |
|
|
|a 697.1(437.6)
|2 UDC-MRF-SK2
|
| 080 |
|
|
|a 336.57(437.6)
|2 UDC-MRF-SK2
|
| 100 |
1 |
|
|a Ifčič, Pavol
|4 aut
|9 447251
|
| 245 |
1 |
0 |
|a Ako z bludného kruhu vykurovania?
|c Pavol Ifčič
|
| 650 |
0 |
7 |
|a vykurovanie
|x politika dotačná
|z Slovensko
|x 1997-2000
|2 snkbucl
|9 893472
|
| 650 |
0 |
7 |
|a dotácie štátne
|2 snkbucl
|9 846709
|
| 655 |
|
7 |
|a články z novín a časopisov
|2 snkbucl
|9 267496
|
| 773 |
0 |
|
|x 1335-4124
|t Hospodársky denník
|g Roč. 1, č. 175 (26.10.1999)
|
| 773 |
0 |
|
|x 1335-4124
|t [Príl.] Samospráva
|g Č. 3, s. 12
|
| 850 |
|
|
|a Slovenská národná knižnica v Martine
|
| 852 |
|
|
|a SNK
|b KIS3GCP
|
| 958 |
|
|
|a RBX
|
| 999 |
|
|
|c 1416607
|d 1418537
|